Auton osat visa #2 - Statistics

Yleistilastot
  • Tätä visaa on pelattu 151 kertaa
  • Keskiarvotulos 4 / 10
Vastaustilastot
Kuvavisa Vastaus % Oikein
Vetokoukku
90%
Vararengas
70%
Öljypohja
59%
Koiranluu
50%
Tukivarsi
43%
Pesunestesäilö
32%
Raitisilmasuodatin
32%
Lambda-anturi
28%
EGR-venttiili
14%
Pyyhkijän moottori
8%
Ehtoja vastaavia visoja ei löytynyt
Tulosjakauma
Jokaisen tuloksen saaneiden osuus
Persentiili vastausten määrän mukaan
Tuloshistoriasi
Et ole pelannut tätä visaa